• 首页
  • 本馆介绍
  • 公告通知
  • 最新文献
  • 馆藏检索
  • 电子资源
  • 读者导购
  • 参考咨询
  • 我的图书馆
  • 登录
  • 详细信息显示
  • 放入我的书架
  • 预约/预借图书
  • 作者相关作品
  • 分类相关作品
  • 丛书相关作品
  • 出版社相关作品

书目信息

  • 表格格式
  • 工作单格式
  • 卡片格式
题名:
海藻栽培学
    
 
作者: 何培民 主编
分册:  
出版信息: 北京   科学出版社  2018
页数: 11,442页
开本: 26cm
丛书名:
单 册:
中图分类: S968.4
科图分类:
主题词: 藻类养殖
电子资源:
ISBN: 978-7-03-059150-0
000 01017nam0 2200265 450
001 012024000374
005 20240924225236.0
010    @a978-7-03-059150-0@dCNY98.00
100    @a20240924d2018 em y0chiy50 ea
101 0  @achi
102    @aCN@b110000
105    @aa z 000yy
106    @ar
200 1  @a海藻栽培学@Ahai zao zai pei xue@f何培民[等]主编
210    @a北京@c科学出版社@d2018
215    @a11,442页@c图,照片@d26cm
304    @a主编还有:张泽宇、张学成、马家海
312    @a封面英文题名:Seaweed cultivation
330    @a本书主要介绍了海带、裙带菜、羊栖菜、鼠尾藻、条斑紫菜、坛紫菜、龙须菜、麒麟菜、石花菜、红毛菜、礁膜、浒苔12种我国常见大型海藻栽培技术,包括了各海藻栽培产业发展概述、生物学研究、苗种繁育、栽培技术、病害与防治、收获与加工、品种培育等内容。
510 1  @aSeaweed cultivation@zeng
606 0  @a藻类养殖
690    @aS968.4@v5
701  0 @a何培民@Ahe pei min@4主编
801  0 @aCN@bAHXH@c20240924
905    @b214144139@b214144148@b214144157@b214144166@b214144175@dS968.4@e76@f5
    
    海藻栽培学/何培民[等]主编.-北京:科学出版社,2018
    11,442页:图,照片;26cm
    
    
    ISBN 978-7-03-059150-0:CNY98.00
    本书主要介绍了海带、裙带菜、羊栖菜、鼠尾藻、条斑紫菜、坛紫菜、龙须菜、麒麟菜、石花菜、红毛菜、礁膜、浒苔12种我国常见大型海藻栽培技术,包括了各海藻栽培产业发展概述、生物学研究、苗种繁育、栽培技术、病害与防治、收获与加工、品种培育等内容。
●
相关链接 在E读中查询图书 在五车中查询图书 在当当中查询图书 在豆瓣中查询图书


正题名:海藻栽培学     索取号:S968.4/76         预约/预借

序号 登录号 条形码 馆藏地/架位号 状态 备注
1 1414413   214144139   第二样本阅览室/ [索取号:S968.4/76] 在馆    
2 1414414   214144148   第三借阅区/ [索取号:S968.4/76] 在馆    
3 1414415   214144157   第三借阅区/ [索取号:S968.4/76] 在馆    
4 1414416   214144166   第三借阅区/ [索取号:S968.4/76] 在馆    
5 1414417   214144175   第三借阅区/ [索取号:S968.4/76] 在馆    
唐山师范学院图书馆 欢迎您!
大连网信软件有限公司© 版权所有